Firenze: guida pratica. Nei monumenti. Nelle arti. Nelle caratteristiche
Guardat en:
| Autor principal: | |
|---|---|
| Format: | Llibre |
| Idioma: | italià |
| Publicat: |
Milán
N. Monetta
1952
|
| Edició: | 1a. ed |
| Matèries: | |
| Etiquetes: |
Afegir etiqueta
Sense etiquetes, Sigues el primer a etiquetar aquest registre!
|
MARC
| LEADER | 00000cam a2200000 a 4500 | ||
|---|---|---|---|
| 001 | UCE4605 | ||
| 003 | CL-VaPUC | ||
| 008 | 141107e19520000it |||||||||||||||||ita|d | ||
| 082 | 0 | 4 | |a 945.63 |b VAL |2 21 |
| 100 | 0 | |a Vallarni, G. B |e author |9 577147 | |
| 245 | 1 | 0 | |a Firenze: guida pratica. Nei monumenti. Nelle arti. Nelle caratteristiche |
| 250 | |a 1a. ed | ||
| 300 | |a 149 p | ||
| 942 | |c BK | ||
| 945 | |d 20141107 12:15:00 |a dcastane | ||
| 260 | |a Milán |b N. Monetta |c 1952 | ||
| 650 | 0 | |a Historia de Italia |9 362027 | |
| 650 | 0 | |a Historia de ciudades |9 445863 | |
| 651 | 0 | |a Italia |9 254949 | |
| 651 | 0 | |a Florencia |9 265683 | |
| 583 | |a last modification |c 20141107 12:15:00 |k Rodrigo Vera | ||
| 999 | |c 357486 |d 357484 | ||
| 952 | |0 0 |1 0 |3 erb |4 0 |6 945_630000000000000_VAL_1952 |7 0 |8 X |9 465491 |a FDOBUD |b FDOBUD |i 5106192 |o 945.63 VAL 1952 |p 5106192 |r 2019-11-23 |w 2019-11-23 |y BK_X |z Catalogado en:20141107 |k BUD | ||